| 000 | 00447cas a22001815a 4500 | ||
|---|---|---|---|
| 001 | L138875 | ||
| 008 | 070717d19951995xxkar p 0 a0eng u | ||
| 035 | _a(Sirsi) u138875 | ||
| 041 | 0 | _aeng | |
| 245 | 0 | 0 | _aM25 Property Review |
| 260 |
_aLondon _bMorgan-Grampian _c[1995] |
||
| 362 | 0 | _a12 May 1995 | |
| 554 | _aNot known | ||
| 651 | 4 | _aLondon | |
| 690 | _aPROPERTY-COMMERCIAL PROPERTY | ||
| 785 | 0 | 0 |
_tProperty Week _x0969-7594 |
| 942 | _n0 | ||
| 999 |
_c119052 _d119052 |
||